000 00270nam a2200109Ia 4500
005 20251222154428.0
008 251222s9999||||xx |||||||||||||| ||spa||
082 _a320.01/A76
100 _a"Aron, R.Chatelet, F."
245 0 _aPreguntas a la sociedad actual
942 _cLIB
999 _c36289
_d36289